000 00709nam a2200241 i 4500
001 C2-0300630
003 PPAK
005 20180728082125.0
008 091111s2009 my |||| ||||| | may d
020 _a9789675047862
040 _aPPAK
_beng
_cPPAK
_erda
082 0 4 _a135.3
_223
090 0 0 _a135.3
_bMUH
_dR
100 0 _aMuhammad bin Sirin,
_eauthor
245 1 0 _aEnsiklopedia tafsir mimpi 3 :
_bmakna & penjelasan lengkap
264 1 _aPuchong, Selangor :
_bBerlian Publications ,
_c2009
300 _axxx, 700 pages ;
_c22 cm
336 _2rdacontent
_atext
337 _2rdamedia
_aunmediated
338 _2rdacarrier
_avolume
650 1 0 _aDreams - Religious aspects - Islam
942 _ddc
_cB
999 _c104503
_d104503